Alternativa para Superar la Crisis Energética en Bluefields
Presenta una alternativa para superar la crisis de energía eléctrica en Bluefields, se plantean las diferentes plantas eléctricas que pueden cubrir las necesidades de energía que presenta la región. Costos de instalación de cada una de las unidades generadoras, desde las construcciones civiles...
| Main Authors: | , |
|---|---|
| Other Authors: | |
| Format: | Tesis Section = Libro |
| Language: | Undetermined Spanish |
| Published: |
Managua
UNI
1995
|
| Subjects: |
| LEADER | 01083nam a2200241Ia 4500 | ||
|---|---|---|---|
| 008 | 240830s9999 xx 000 0 und d | ||
| 040 | |a BIBLIOTECA-RUPAP Mon 333.79 G124 | ||
| 041 | |a spa | ||
| 082 | |a Mon 333.79 G124 | ||
| 100 | 1 | |a Gadea Fenton, Milicent M. | |
| 100 | 1 | |b Soza Valdivia, Gilma | |
| 245 | 1 | 0 | |a Alternativa para Superar la Crisis Energética en Bluefields |
| 260 | |a Managua |b UNI |c 1995 | ||
| 300 | |a 83 p. :il. | ||
| 500 | |a Este Ejemplar tiene apéndice de corrección. | ||
| 502 | |a Tesis (Ingeniero Mecánico)- UNI, 1995. | ||
| 520 | 3 | |a Presenta una alternativa para superar la crisis de energía eléctrica en Bluefields, se plantean las diferentes plantas eléctricas que pueden cubrir las necesidades de energía que presenta la región. Costos de instalación de cada una de las unidades generadoras, desde las construcciones civiles hasta su funcionamiento mecánico. | |
| 650 | 7 | |a ENERGIA ELECTRICA | |
| 650 | 7 | |b ENERGIA ELECTRICA – DISTRIBUCION | |
| 700 | 1 | |a Tutor: |b Sánchez Cuadra, Fernando | |
| 942 | |c BK |2 ddc | ||
| 991 | |a TESIS | ||
| 999 | |c 15408 | ||